000 00316nam a2200133Ia 4500
008 190723s9999 xx 000 0 und d
020 _a978-93-325-8129-6
100 _aJames A. rehg
245 0 _aProgrammable Logic Controllers
250 _a2nd
260 _aIndia
_bPearson
_c2017
300 _a569.:p
942 _cBK
999 _c1711
_d1711